000 01063nam a22003137a 4500
003 DO-SdBNP
005 20210526104646.0
008 180302b 2007 dr 00| 0 spa d
020 _a9789945858112 (v.2)
040 _aBPMSU
_bspa
_cBPMSU
082 _a798.4097293
_bM534h
_222
092 _a
_222
100 1 _aMena García, Luis,
_d1940-
245 1 0 _aHistoria del hipismo dominicano /
_cLuis Mena García ; prólogo César Daniel Medina Núñez ; introducción Luis Fernández.
246 1 4 _aExcelencia histótica del hipismo dominicano 1960-2005
250 _a
260 _aSanto Domingo :
_bCentro Arte Uribe,
_c2007.
300 _av. :
_bil ;
_c22 cm.
500 _a
500 _aIncluye referencias bibliográficas.
505 _gt.2
_t1960-2005.
610 4 _aHipódromo Perla Antillana (República Dominicana)
650 4 _aCarreras de caballos
_xHistoria
_y1960-2005
_zRepública Dominicana
700 1 2 _aFernández, Luis,
_eintrod.
700 1 2 _aMedina Núñez, César,
_epról.
910 _aVMateo
942 _2ddc
_cBK
945 _a
999 _c13343
_d13343